Представление документа в формате RUSMARC

ПолеНазваниеЗначение
  Тип записи a
  Библиографический уровень m
001 Контрольный номер RU/REG73/CBS_GRAD/f1a53e707c3845edb9e7254808dec8f0
005 Дата корректировки 20260324131759.4
010 Индекс ISBN __
a ISBN 5-212-00080-7
b Уточнения в пер.
9 Тираж 100000 экз.
100 Данные общей обработки __
a Данные общей обработки 20260324d1988 |||y0rusy0189 ##ca
101 Язык документа 0_
a Язык текста rus
102 Страна публикации __
a Страна публикации RU
105 Кодированные данные (монография) __
a Кодированные данные (монография) # z 000yy
200 Заглавие и сведения об ответственности 1_
a Заглавие Книга 1
e Сведения, относящиеся к заглавию Т. 1-5
g Последующие сведения об ответственности предисловие Д. Лихачева
215 Физическое описание __
a Объем 691 с.
461 Уровень набора _0
1 700 1
a Карамзин
b Н. М.
g Николай Михайлович
1 2001
a История государства российского
a
e
f
v
1 2101
a Москва
c Книга
d 1988
1 001RU/REG73/CBS_GRAD/78fa517248844070986042f21afac07e
1 203
a
b
c
1 215
d 27 см
606 Тематические рубрики 0_
a Основная рубрика История России
686 Индексы других классификаций __
a Классификационный индекс 63.3(2)
702 Вторичная интеллектуальная ответственность _1
a Фамилия Лихачев
b Имя (инициалы) Д. С.
g Полное личное имя Дмитрий Сергеевич
4 Код отношения 080
801 Источник записи _0
a Страна RU
b Организация RuCBSGrad
c Дата составления 20260324
g Правила каталогизации RCR
801 Источник записи _1
a Страна RU
b Организация RuCBSGrad
c Дата составления 20260324
g Правила каталогизации RCR
901 Тип документа __
t Тип документа n
w Контрольный № источника RU/REG73/CBS_GRAD/78fa517248844070986042f21afac07e
909 Создатель записи __
a Создатель записи Гонюкова
b Дата создания записи 20260324